01411nam a2200253 a 450000100100000000500170001000800410002702000180006804000250008608200150011110000420012624501090016826000490027730000210032650000760034750000630042370000380048695201280052495201280065295201280078095201130090895201190102199900170114000004548920201002052258.0150410s2015 dr 000 0 spa d a9789945898200 aDO-SdBNPbspacBNPHU axxxxbxxxx1 aCruz García, José Aníbal97354110aCrisis y decadencia de una sociedad enferma /cJosé Aníbal Cruz Garcia ; prólogo José J. Dergan. aSanto Domingo :bJosé J. Ferreiras,c2015. a200 p. ;c22 cm. aIncluye datos biográficos del autor en la solapa de la contracubierta aLa biblioteca posee 2 ejemplares autografiado por el autor12aDergan, José J.epról.973542 001054708DSaGRbGRcCTd2015-04-10iLF1l0oxxxx xxxxp45489-30r2020-06-25te. 3w2020-06-25yLFDSZPréstamo en sala 001054708DSaGRbGRcCTd2015-04-16iLF1l0oxxxx xxxxp45489-40r2020-06-25te. 4w2020-06-25yLFDSZPréstamo en sala 001054708DSaGRbGRcCTd2015-04-16iLF1l0oxxxx xxxxp45489-50r2020-06-25te. 5w2020-06-25yLFDSZPréstamo en sala 0010718PDaPDbPDcCTd2015-04-10iLF1l0oxxxx xxxxp45489-10r2020-06-25w2020-06-25yLFPDZNo se presta 0010718PDaPDbPDcCTd2015-04-10iLF1l0oxxxx xxxxp45489-20r2020-06-25te. 2w2020-06-25yLFPDZNo se presta c44978d44978